Work stress and coping among lawyers in Singapore /
Saved in:
| Main Author: | |
|---|---|
| Format: | Thesis Book |
| Language: | English |
| Published: |
1993.
|
| Subjects: | |
| Tags: |
Add Tag
No Tags, Be the first to tag this record!
|
| LEADER | 00811cam a2200241 a 4500 | ||
|---|---|---|---|
| 001 | u361073 | ||
| 003 | SIRSI | ||
| 008 | 941008s1993 si a v 00 1 eng m | ||
| 035 | |a ABU-0941 | ||
| 040 | |a UMM | ||
| 043 | |a a-si--- | ||
| 090 | |a HF5548.85 |b Lim | ||
| 100 | 1 | 0 | |a Lim, Geok Choo. |
| 245 | 1 | 0 | |a Work stress and coping among lawyers in Singapore / |c by Lim Geok Choo. |
| 260 | |c 1993. | ||
| 300 | |a vi, 177 leaves : |b ill. ; |c 30 cm. | ||
| 502 | |a Dissertation (M.Soc.Sc.) -- National University of Singapore, 1993. | ||
| 504 | |a Bibliography: leaves 165-177. | ||
| 650 | 0 | |a Job stress |z Singapore |x Case studies | |
| 650 | 0 | |a Lawyers |z Singapore |x Job stress. | |
| 948 | |a 08/10/1994 |b 03/09/2002 | ||
| 596 | |a 1 | ||
| 999 | |a HF5548.85 LIM |w LC |c 1 |i A504794790 |d 2/2/2010 |e 18/1/2010 |l STACKS |m P01UTAMA |n 22 |r Y |s Y |t TESIS |u 16/12/1994 | ||
